000
00339nam a2200145Ia 4500
008
210210b1962 xxu||||| |||| 00| 0 eng d
082
_a
294.3 HUMB
100
_a
HUMPHREYS (Christmas).
245
_a
Buddhism. Ed 3.
250
_a
260
_a
England.
_b
Penguin Books
_c
1962
300
_a
256
690
_a
Buddhism
906
_a
SG01232
999
_c
112649
_d
112649